00503 2200205 4500001002100000008004100021035002000062245005100082100002000133250000600153260004200159300001200201084001400213082000800227650001400235990001200249990001200261990001200273990001200285INLIS000000000000580 ind  a0010-0424000556 aMotor Listrik Arus Bolak BalikcHenny Sutrisno aSutrisno, Henny a1 aKlaten :bSaka Mitra Kompetensic2011 a100 hlm a600 HEN m a600 aNon Fiksi a0722348 a0722349 a0722350 a0722351